| 000 | 00928cab a2200241 4500 | ||
|---|---|---|---|
| 001 | ##L135502 | ||
| 008 | 061031n2006 000 0 eng u | ||
| 035 | _a(Sirsi) u135502 | ||
| 041 | 0 | _aeng | |
| 100 | 1 | _aBentley, Ross | |
| 245 | 0 | 0 | _aMaking tracks |
| 260 | 3 | _c2006 | |
| 490 | 0 |
_aEstates Gazette _v0643 28 October 2006, 109-125(12) |
|
| 520 | _aLooks at current and proposed transport infrastructure improvements, office investment and the designation of a special protection area to safeguard rare bird species which means that not enough land is available to build homes. Indicates that the Thames Valley market is showing slow and steady signs of recovery. | ||
| 590 | _aIKA141106 | ||
| 651 | 4 | _aLONDON | |
| 690 | _aPROPERTY-COMMERCIAL PROPERTY-COMMERCIAL PROPERTY MARKET | ||
| 700 | 1 | _aMoore, Charlotte | |
| 700 | 1 | _aHarris, David | |
| 700 | 1 | _aNorward, Graham | |
| 700 | 1 | _aMeadwell, Stacey | |
| 942 | _n0 | ||
| 999 |
_c77913 _d77913 |
||